<?xml version="1.0" encoding="UTF-8"?>
<record
    xmlns:xsi="http://www.w3.org/2001/XMLSchema-instance"
    xsi:schemaLocation="http://www.loc.gov/MARC21/slim http://www.loc.gov/standards/marcxml/schema/MARC21slim.xsd"
    xmlns="http://www.loc.gov/MARC21/slim">

  <leader>00562nam a2200193 a 4500</leader>
  <controlfield tag="001">814</controlfield>
  <controlfield tag="003">CDMR</controlfield>
  <controlfield tag="005">20130919131627.0</controlfield>
  <controlfield tag="008">130130s1989||||||||||||||||||||||||||||d</controlfield>
  <datafield tag="020" ind1=" " ind2=" ">
    <subfield code="a">8477940479</subfield>
  </datafield>
  <datafield tag="040" ind1=" " ind2=" ">
    <subfield code="a">CDMR</subfield>
    <subfield code="b">cat</subfield>
    <subfield code="c">CPC GIRONA</subfield>
  </datafield>
  <datafield tag="100" ind1="1" ind2=" ">
    <subfield code="a">Montaner Montejano, Jordi</subfield>
    <subfield code="9">625</subfield>
  </datafield>
  <datafield tag="245" ind1="1" ind2="4">
    <subfield code="a">El "Ciero"</subfield>
    <subfield code="c">Jordi Montaner</subfield>
    <subfield code="b">: no va arribar al segle</subfield>
  </datafield>
  <datafield tag="260" ind1=" " ind2=" ">
    <subfield code="b">Diputaci&#xF3; de Barcelona</subfield>
    <subfield code="a">[Barcelona]</subfield>
  </datafield>
  <datafield tag="260" ind1=" " ind2=" ">
    <subfield code="c">1989</subfield>
    <subfield code="b">Col&#xB7;legi de Periodistes de Catalunya</subfield>
  </datafield>
  <datafield tag="490" ind1="0" ind2=" ">
    <subfield code="a">Vaixells de Paper</subfield>
    <subfield code="v">4</subfield>
  </datafield>
  <datafield tag="650" ind1="0" ind2="4">
    <subfield code="9">3117</subfield>
    <subfield code="a">Diaris</subfield>
    <subfield code="z">Catalunya</subfield>
  </datafield>
  <datafield tag="942" ind1=" " ind2=" ">
    <subfield code="c">MON</subfield>
    <subfield code="2">ddc</subfield>
  </datafield>
  <datafield tag="999" ind1=" " ind2=" ">
    <subfield code="c">814</subfield>
    <subfield code="d">814</subfield>
  </datafield>
  <datafield tag="952" ind1=" " ind2=" ">
    <subfield code="0">0</subfield>
    <subfield code="1">0</subfield>
    <subfield code="4">0</subfield>
    <subfield code="7">0</subfield>
    <subfield code="a">LLEIDA</subfield>
    <subfield code="b">LLEIDA</subfield>
    <subfield code="d">2011-08-04</subfield>
    <subfield code="l">0</subfield>
    <subfield code="o">333COL</subfield>
    <subfield code="p">LLEIDA13119499</subfield>
    <subfield code="r">2013-01-16</subfield>
    <subfield code="w">2013-01-16</subfield>
    <subfield code="y">MON</subfield>
  </datafield>
  <datafield tag="952" ind1=" " ind2=" ">
    <subfield code="0">0</subfield>
    <subfield code="1">0</subfield>
    <subfield code="4">0</subfield>
    <subfield code="7">0</subfield>
    <subfield code="a">GIRONA</subfield>
    <subfield code="b">GIRONA</subfield>
    <subfield code="d">2010-12-03</subfield>
    <subfield code="l">0</subfield>
    <subfield code="o">Bg 250 (2)</subfield>
    <subfield code="p">GIRONA13119496</subfield>
    <subfield code="r">2013-11-14</subfield>
    <subfield code="w">2013-01-16</subfield>
    <subfield code="y">MON</subfield>
  </datafield>
  <datafield tag="952" ind1=" " ind2=" ">
    <subfield code="0">0</subfield>
    <subfield code="1">0</subfield>
    <subfield code="4">0</subfield>
    <subfield code="7">0</subfield>
    <subfield code="a">GIRONA</subfield>
    <subfield code="b">GIRONA</subfield>
    <subfield code="d">2010-12-03</subfield>
    <subfield code="l">0</subfield>
    <subfield code="o">Bg 250 (3)</subfield>
    <subfield code="p">GIRONA13119497</subfield>
    <subfield code="r">2013-01-16</subfield>
    <subfield code="w">2013-01-16</subfield>
    <subfield code="y">MON</subfield>
  </datafield>
  <datafield tag="952" ind1=" " ind2=" ">
    <subfield code="0">0</subfield>
    <subfield code="1">0</subfield>
    <subfield code="4">0</subfield>
    <subfield code="7">0</subfield>
    <subfield code="a">GIRONA</subfield>
    <subfield code="b">GIRONA</subfield>
    <subfield code="d">2010-12-03</subfield>
    <subfield code="l">0</subfield>
    <subfield code="o">Bg 250 </subfield>
    <subfield code="p">GIRONA13119498</subfield>
    <subfield code="r">2013-01-16</subfield>
    <subfield code="w">2013-01-16</subfield>
    <subfield code="y">MON</subfield>
  </datafield>
  <datafield tag="952" ind1=" " ind2=" ">
    <subfield code="0">0</subfield>
    <subfield code="1">0</subfield>
    <subfield code="4">0</subfield>
    <subfield code="7">0</subfield>
    <subfield code="a">CDMR</subfield>
    <subfield code="b">CDMR</subfield>
    <subfield code="d">2013-01-16</subfield>
    <subfield code="l">4</subfield>
    <subfield code="o">Bg VP/4</subfield>
    <subfield code="p">CDMR13119495</subfield>
    <subfield code="r">2013-11-14</subfield>
    <subfield code="s">2013-11-14</subfield>
    <subfield code="w">2013-01-16</subfield>
    <subfield code="y">MON</subfield>
  </datafield>
  <datafield tag="952" ind1=" " ind2=" ">
    <subfield code="0">0</subfield>
    <subfield code="1">0</subfield>
    <subfield code="4">0</subfield>
    <subfield code="7">1</subfield>
    <subfield code="a">TARRAGONA</subfield>
    <subfield code="b">TARRAGONA</subfield>
    <subfield code="d">2013-07-22</subfield>
    <subfield code="l">0</subfield>
    <subfield code="o">PPR</subfield>
    <subfield code="p">TARRAGONA13076841</subfield>
    <subfield code="r">2013-07-22</subfield>
    <subfield code="w">2013-07-22</subfield>
    <subfield code="y">MON</subfield>
  </datafield>
  <datafield tag="952" ind1=" " ind2=" ">
    <subfield code="0">0</subfield>
    <subfield code="1">0</subfield>
    <subfield code="4">0</subfield>
    <subfield code="7">1</subfield>
    <subfield code="a">EBRE</subfield>
    <subfield code="b">EBRE</subfield>
    <subfield code="d">2015-05-21</subfield>
    <subfield code="e">Donaci&#xF3;</subfield>
    <subfield code="l">0</subfield>
    <subfield code="o">64177</subfield>
    <subfield code="r">2015-05-27</subfield>
    <subfield code="w">2015-05-27</subfield>
    <subfield code="y">MON</subfield>
    <subfield code="z">Donaci&#xF3; a la biblioteca Marcel&#xB7;l&#xED; Domingo</subfield>
  </datafield>
  <datafield tag="952" ind1=" " ind2=" ">
    <subfield code="0">0</subfield>
    <subfield code="1">0</subfield>
    <subfield code="4">0</subfield>
    <subfield code="7">1</subfield>
    <subfield code="a">EBRE</subfield>
    <subfield code="b">EBRE</subfield>
    <subfield code="d">2015-05-21</subfield>
    <subfield code="e">Donaci&#xF3;</subfield>
    <subfield code="l">0</subfield>
    <subfield code="o">07 MON     </subfield>
    <subfield code="r">2015-05-27</subfield>
    <subfield code="w">2015-05-27</subfield>
    <subfield code="y">MON</subfield>
    <subfield code="z">Donaci&#xF3; a la biblioteca Marcel&#xB7;l&#xED; Domingo</subfield>
  </datafield>
</record>
